000 00471nam a2200169Ia 4500
003 GCL
008 140319s9999 xx 000 0 eng d
040 _aGCL /
_cGCL
082 0 4 _a621.37
_bJ E
100 1 _aJAIN, R.K
245 1 0 _aENGINEERING METROLOGY: A TEXT BOOK FOR ENGINEERING STUDENTS /
_cJAIN, R.K
260 _a[S.N] :
_bKHANNA PUBLISHERS ،
_c1993
300 _a1392 P
650 0 4 _aالتحليل الرياضى
650 0 4 _aMETEOROLOGY
942 _2ddc
_cBK
999 _c20538
_d20538